<?xml version="1.0" encoding="UTF-8"?>
<record
    xmlns:xsi="http://www.w3.org/2001/XMLSchema-instance"
    xsi:schemaLocation="http://www.loc.gov/MARC21/slim http://www.loc.gov/standards/marcxml/schema/MARC21slim.xsd"
    xmlns="http://www.loc.gov/MARC21/slim">

  <leader>01126nam a22002777a 4500</leader>
  <controlfield tag="003">BPGM</controlfield>
  <controlfield tag="005">20260626202526.0</controlfield>
  <controlfield tag="008">260618e1989    mx k|||g |||| 001 0 spa d</controlfield>
  <datafield tag="035" ind1=" " ind2=" ">
    <subfield code="a">968-6039-79-1</subfield>
  </datafield>
  <datafield tag="040" ind1=" " ind2=" ">
    <subfield code="b">spa</subfield>
  </datafield>
  <datafield tag="041" ind1=" " ind2=" ">
    <subfield code="a">spa</subfield>
    <subfield code="h">spa </subfield>
  </datafield>
  <datafield tag="082" ind1="0" ind2="4">
    <subfield code="a">333.197245 / U76 </subfield>
  </datafield>
  <datafield tag="100" ind1=" " ind2=" ">
    <subfield code="a">URQUIOLA PERMISAN, IGNACIO JOSE </subfield>
    <subfield code="e">AUTOR </subfield>
  </datafield>
  <datafield tag="245" ind1=" " ind2=" ">
    <subfield code="a">HISTORIA DE LA CUESTION AGRARIA MEXICANA </subfield>
    <subfield code="b">ESTADO DE QUERETARO </subfield>
  </datafield>
  <datafield tag="250" ind1=" " ind2=" ">
    <subfield code="a">PRIMERA EDICION ; </subfield>
    <subfield code="b">1989</subfield>
  </datafield>
  <datafield tag="260" ind1=" " ind2=" ">
    <subfield code="a">MEXICO ;</subfield>
    <subfield code="b">UNIVERSIDAD AUTONOMA DE QUERETARO ,</subfield>
    <subfield code="c">1989.</subfield>
  </datafield>
  <datafield tag="300" ind1=" " ind2=" ">
    <subfield code="a">446 pagina  ; </subfield>
    <subfield code="c">13.6 cm x 21 cm  </subfield>
  </datafield>
  <datafield tag="336" ind1=" " ind2=" ">
    <subfield code="2">rdacontent</subfield>
    <subfield code="a">texto</subfield>
    <subfield code="b">txt</subfield>
  </datafield>
  <datafield tag="337" ind1=" " ind2=" ">
    <subfield code="2">rdamedia</subfield>
    <subfield code="a">sin mediaci&#xF3;n</subfield>
    <subfield code="b">n</subfield>
  </datafield>
  <datafield tag="338" ind1=" " ind2=" ">
    <subfield code="2">rdacarrier</subfield>
    <subfield code="a">volumen </subfield>
    <subfield code="b">nc</subfield>
  </datafield>
  <datafield tag="505" ind1=" " ind2=" ">
    <subfield code="a">EL CENTRO DE ESTUDIOS DEL AGRARISMO EN MEXICO VA VERTEBRADO UN PROYECTO DE INVESTIGACION Y SOCIALAIZACION DE LA INFORMACION, CUYOS EJES PRINCIPALES ESTAN CONFORMADOS POR LA HISTORIA DE LA CUESTION AGRARIA A NIVEL NACIONAL Y LA CORRESPONDIENTE A LOS ESTADOS DE LA REPUBLICA. </subfield>
  </datafield>
  <datafield tag="650" ind1=" " ind2=" ">
    <subfield code="a">CIENCIAS SOCIALES</subfield>
  </datafield>
  <datafield tag="650" ind1=" " ind2=" ">
    <subfield code="a">CIENCIAS SOCIALES</subfield>
  </datafield>
  <datafield tag="650" ind1=" " ind2=" ">
    <subfield code="a">ECONOM&#xCD;A DE LA TIERRA Y DE LA ENERG&#xCD;A</subfield>
  </datafield>
  <datafield tag="942" ind1=" " ind2=" ">
    <subfield code="2">ddc</subfield>
    <subfield code="c">COLQ</subfield>
  </datafield>
  <datafield tag="952" ind1=" " ind2=" ">
    <subfield code="0">0</subfield>
    <subfield code="1">0</subfield>
    <subfield code="2">ddc</subfield>
    <subfield code="3">V.II</subfield>
    <subfield code="4">0</subfield>
    <subfield code="7">2</subfield>
    <subfield code="8">ESPQ</subfield>
    <subfield code="a">BPCEFC</subfield>
    <subfield code="b">BPCEFC</subfield>
    <subfield code="c">SALA QUER&#xC9;TARO ACCESO B PLANTA ALTA</subfield>
    <subfield code="d">2026-06-18</subfield>
    <subfield code="e">DGB</subfield>
    <subfield code="l">0</subfield>
    <subfield code="o">333.197245 / U76</subfield>
    <subfield code="r">2026-06-18 17:10:07</subfield>
    <subfield code="t">EJ. 1</subfield>
    <subfield code="w">2026-06-18</subfield>
    <subfield code="y">COLQ</subfield>
  </datafield>
  <datafield tag="952" ind1=" " ind2=" ">
    <subfield code="0">0</subfield>
    <subfield code="1">0</subfield>
    <subfield code="2">ddc</subfield>
    <subfield code="3">V.II</subfield>
    <subfield code="4">0</subfield>
    <subfield code="7">2</subfield>
    <subfield code="8">ESPQ</subfield>
    <subfield code="a">BPCEFC</subfield>
    <subfield code="b">BPCEFC</subfield>
    <subfield code="c">SALA QUER&#xC9;TARO ACCESO B PLANTA ALTA</subfield>
    <subfield code="d">2026-06-18</subfield>
    <subfield code="e">DGB</subfield>
    <subfield code="l">0</subfield>
    <subfield code="o">333.197245 / U76</subfield>
    <subfield code="r">2026-06-18 17:10:07</subfield>
    <subfield code="t">EJ. 2</subfield>
    <subfield code="w">2026-06-18</subfield>
    <subfield code="y">COLQ</subfield>
  </datafield>
  <datafield tag="952" ind1=" " ind2=" ">
    <subfield code="0">0</subfield>
    <subfield code="1">2</subfield>
    <subfield code="2">ddc</subfield>
    <subfield code="3">V.II</subfield>
    <subfield code="4">0</subfield>
    <subfield code="7">2</subfield>
    <subfield code="8">ESPQ</subfield>
    <subfield code="a">BPCEFC</subfield>
    <subfield code="b">BPCEFC</subfield>
    <subfield code="c">SALA QUER&#xC9;TARO ACCESO B PLANTA ALTA</subfield>
    <subfield code="d">2026-06-18</subfield>
    <subfield code="e">DGB</subfield>
    <subfield code="l">0</subfield>
    <subfield code="o">333.197245 / U76</subfield>
    <subfield code="r">2026-06-18 17:10:07</subfield>
    <subfield code="t">EJ. 3</subfield>
    <subfield code="w">2026-06-18</subfield>
    <subfield code="y">COLQ</subfield>
  </datafield>
  <datafield tag="999" ind1=" " ind2=" ">
    <subfield code="c">68624</subfield>
    <subfield code="d">68624</subfield>
  </datafield>
</record>
